| 000 | 00526nam a22001697a 4500 | ||
|---|---|---|---|
| 003 | OSt | ||
| 005 | 20140310183109.0 | ||
| 008 | 130305t xxu||||| |||| 00| 0 eng d | ||
| 020 | _a9715500501 | ||
| 050 |
_aPL 5539.T71 _b.T636s 1991 |
||
| 100 | _aTorres, Emmanuel. | ||
| 245 |
_aThe Smile on smokey mountain and other poems / _cTorres, Emmanuel. |
||
| 260 |
_aQuezon City : _bAteneo de Manila University, Office of Research and Publications, _c1991. |
||
| 300 |
_a126 p. : _c20 cm. |
||
| 942 |
_2lcc _cBK _kFLIR |
||
| 999 |
_c18823 _d18823 |
||